[Event "CCM7 - 14. ORDIX Open"]
[Site "Mainz"]
[Date "2007.??.??"]
[Round "2"]
[White "Mamedyarov, Shakhriyar"]
[Black "Schindler, Samuel"]
[Result "1-0"]
[WhiteElo "2755"]
[BlackElo "2246"]
[PlyCount "63"]
[EventDate "2007.??.??"]
[EventType "rapid"]
[EventRounds "11"]
[EventCountry "GER"]
[Source "Mike Rosa"]
[SourceDate "2009.01.01"]

1. e4 g6 2. d4 Bg7 3. Nf3 d6 4. Nc3 Nf6 5. Bg5 h6 6. Bf4 O-O 7. Qd2 Kh7 8. Bd3
Bg4 9. h4 Bxf3 10. gxf3 Nh5 11. Be3 e5 12. dxe5 dxe5 13. O-O-O Nc6 14. Bc5 Nd4
15. Bxf8 Qxf8 16. Qe3 Nf4 17. Nd5 Ng2 18. Qd2 c6 19. c3 Ne6 20. Ne3 Ngf4 21.
Bc4 Rd8 22. Qc2 h5 23. Bxe6 Nxe6 24. Ng2 Bh6+ 25. Kb1 Nf4 26. Nxf4 Bxf4 27. a4
Kg7 28. a5 Qe7 29. Qb3 Bd2 30. Kc2 Qd7 31. Qc4 b5 32. Qe2 1-0

[Event "CCM7 - 14. ORDIX Open"]
[Site "Mainz"]
[Date "2007.??.??"]
[Round "2"]
[White "Modler, Andreas"]
[Black "Karjakin, Sergey"]
[Result "0-1"]
[WhiteElo "2242"]
[BlackElo "2678"]
[PlyCount "52"]
[EventDate "2007.??.??"]
[EventType "rapid"]
[EventRounds "11"]
[EventCountry "GER"]
[Source "Mike Rosa"]
[SourceDate "2009.01.01"]

1. d4 d5 2. c4 e6 3. Nc3 c5 4. cxd5 cxd4 5. Qa4+ Bd7 6. Qxd4 exd5 7. Qxd5 Nc6
8. a3 Nf6 9. Qd1 Bc5 10. e3 Qe7 11. Nf3 O-O-O 12. Qc2 g5 13. Be2 g4 14. Nd2 Kb8
15. b4 Bb6 16. Nc4 Bc7 17. Bb2 Ne5 18. O-O-O Bc6 19. Nxe5 Bxe5 20. Rxd8+ Rxd8
21. Rd1 Rc8 22. Bd3 Bxg2 23. Bf5 Rc6 24. Kb1 Bf3 25. Rd2 Bxh2 26. Qb3 Be5 0-1

[Event "CCM7 - 14. ORDIX Open"]
[Site "Mainz"]
[Date "2007.??.??"]
[Round "2"]
[White "Negele, Michael"]
[Black "Kamsky, Gata"]
[Result "0-1"]
[WhiteElo "2245"]
[BlackElo "2717"]
[PlyCount "76"]
[EventDate "2007.??.??"]
[EventType "rapid"]
[EventRounds "11"]
[EventCountry "GER"]
[Source "Mike Rosa"]
[SourceDate "2009.01.01"]

1. e4 c5 2. d4 cxd4 3. c3 dxc3 4. Nxc3 Nc6 5. Nf3 a6 6. Bc4 e6 7. O-O Nge7 8.
Bg5 b5 9. Bb3 Bb7 10. Qe2 Qb8 11. Rfe1 Ng6 12. Rad1 Bc5 13. e5 h6 14. Bc1 Bb4
15. Bc2 Nce7 16. Rd4 Bxc3 17. bxc3 Bd5 18. Ba3 Qb7 19. Rxd5 Nxd5 20. Bxg6 fxg6
21. Qe4 Kf7 22. Nh4 Rhc8 23. Qxg6+ Kg8 24. Bc1 d6 25. exd6 Qf7 26. Qg4 Rc4 27.
Re4 Nf6 28. Rxc4 Nxg4 29. Rxg4 g5 30. Nf3 Qf5 31. Rd4 Qc2 32. Bd2 e5 33. Rd5 e4
34. Ne1 Qxa2 35. Rd4 Rd8 36. h4 Qe6 37. hxg5 hxg5 38. Bxg5 Rxd6 0-1

[Event "CCM7 - 14. ORDIX Open"]
[Site "Mainz"]
[Date "2007.??.??"]
[Round "3"]
[White "Euler, Gerd"]
[Black "Grischuk, Alexander"]
[Result "0-1"]
[WhiteElo "2379"]
[BlackElo "2726"]
[PlyCount "58"]
[EventDate "2007.??.??"]
[EventType "rapid"]
[EventRounds "11"]
[EventCountry "GER"]
[Source "Mike Rosa"]
[SourceDate "2009.01.01"]

1. d4 Nf6 2. c4 e6 3. Nf3 d5 4. Nc3 c6 5. e3 a6 6. a4 c5 7. Bd3 Nc6 8. O-O dxc4
9. Bxc4 Be7 10. Qe2 O-O 11. Rd1 Qc7 12. h3 Rd8 13. Bb3 b6 14. d5 Na5 15. Ba2 c4
16. e4 Bb7 17. Bg5 exd5 18. exd5 Re8 19. Qc2 Rad8 20. Rac1 Nxd5 21. Bxe7 Qxe7
22. Re1 Qf6 23. Ne4 Qg6 24. Nh4 Nb4 25. Nxg6 Nxc2 26. Rxc2 Rxe4 27. Ne7+ Kf8
28. Rce2 Rxe2 29. Rxe2 Re8 0-1

[Event "CCM7 - 14. ORDIX Open"]
[Site "Mainz"]
[Date "2007.??.??"]
[Round "3"]
[White "Ivanchuk, Vassily"]
[Black "Mueller, Matthias"]
[Result "1-0"]
[WhiteElo "2766"]
[BlackElo "2405"]
[PlyCount "65"]
[EventDate "2007.??.??"]
[EventType "rapid"]
[EventRounds "11"]
[EventCountry "GER"]
[Source "Mike Rosa"]
[SourceDate "2009.01.01"]

1. e4 e5 2. Nf3 Nc6 3. Bb5 a6 4. Ba4 Nf6 5. O-O Be7 6. Re1 b5 7. Bb3 d6 8. c3
O-O 9. h3 Na5 10. Bc2 c5 11. d4 exd4 12. cxd4 cxd4 13. Nxd4 Re8 14. Nc3 Bb7 15.
Nf5 Bf8 16. Bg5 h6 17. Bh4 Rc8 18. Rc1 Nc4 19. Qd4 Re6 20. Bb3 g6 21. Qa7 Rc7
22. Nd4 Re5 23. Bxc4 bxc4 24. Bxf6 Qxf6 25. Nd5 Bxd5 26. Qxc7 Bxe4 27. Rxc4 d5
28. Rc6 Qg5 29. g3 Qd2 30. Nf3 Bxf3 31. Qxe5 Bg7 32. Qe3 Qa5 33. Rc5 1-0

[Event "CCM7 - 14. ORDIX Open"]
[Site "Mainz"]
[Date "2007.??.??"]
[Round "3"]
[White "Karjakin, Sergey"]
[Black "Scholz, Christian"]
[Result "1-0"]
[WhiteElo "2678"]
[BlackElo "2367"]
[PlyCount "73"]
[EventDate "2007.??.??"]
[EventType "rapid"]
[EventRounds "11"]
[EventCountry "GER"]
[Source "Mike Rosa"]
[SourceDate "2009.01.01"]

1. e4 c5 2. Nf3 d6 3. d4 cxd4 4. Nxd4 Nf6 5. Nc3 a6 6. Be3 e5 7. Nf3 Qc7 8. a4
Be7 9. Be2 O-O 10. O-O Nbd7 11. a5 b5 12. axb6 Nxb6 13. Bg5 Bb7 14. Bd3 Rfd8
15. Qe2 a5 16. Rfe1 h6 17. Bh4 Rdc8 18. Nd2 Re8 19. Bxf6 Bxf6 20. Nc4 d5 21.
Nxb6 Qxb6 22. exd5 e4 23. Bb5 Re7 24. Rad1 Bxc3 25. bxc3 Qd6 26. c4 a4 27. Qe3
a3 28. c5 Qf6 29. c6 a2 30. cxb7 Rxb7 31. Bc6 a1=Q 32. Bxb7 Qa5 33. Bxa8 Qxa8
34. d6 Qad8 35. d7 Qg5 36. Qxg5 hxg5 37. Rxe4 1-0

[Event "CCM7 - 14. ORDIX Open"]
[Site "Mainz"]
[Date "2007.??.??"]
[Round "3"]
[White "Medvegy, Nora"]
[Black "Almasi, Zoltan"]
[Result "1/2-1/2"]
[WhiteElo "2369"]
[BlackElo "2682"]
[PlyCount "104"]
[EventDate "2007.??.??"]
[EventType "rapid"]
[EventRounds "11"]
[EventCountry "GER"]
[Source "Mike Rosa"]
[SourceDate "2009.01.01"]

1. d4 Nf6 2. c4 e6 3. Nf3 c5 4. d5 g6 5. Nc3 Bg7 6. e4 d6 7. dxe6 Bxe6 8. Bf4
Qa5 9. Ng5 Nc6 10. Nxe6 fxe6 11. Qxd6 Nxe4 12. Qxe6+ Ne7 13. Be5 Nxc3 14. bxc3
Bxe5 15. Qxe5 O-O 16. Be2 Nc6 17. Qd5+ Kg7 18. O-O Rad8 19. Qg5 Qxc3 20. Qxc5
Rd2 21. Bf3 Ne5 22. Bd5 Rdxf2 23. Qe7+ Kh6 24. Qh4+ Kg7 25. Qe7+ Kh8 26. Qxf8+
Rxf8 27. Rxf8+ Kg7 28. Raf1 Qd4+ 29. Kh1 b6 30. R8f4 Qd2 31. Re4 Nd3 32. Re7+
Kh6 33. h3 Nf4 34. Rf7 Ne2 35. Kh2 Qxa2 36. R1f2 Qd2 37. Re7 a5 38. Rexe2 Qd4
39. Rd2 Qe5+ 40. Kg1 Qe1+ 41. Kh2 Qe5+ 42. g3 a4 43. Rde2 Qd4 44. Rf4 Qd3 45.
Ref2 Kg7 46. Rf7+ Kh6 47. Kg2 b5 48. R7f3 Qd1 49. Rf1 Qd2+ 50. R1f2 Qd1 51. Rf1
Qe2+ 52. R1f2 Qd1 1/2-1/2

[Event "CCM7 - 14. ORDIX Open"]
[Site "Mainz"]
[Date "2007.??.??"]
[Round "3"]
[White "Meinhardt, Maximilian"]
[Black "Akopian, Vladimir"]
[Result "0-1"]
[WhiteElo "2378"]
[BlackElo "2708"]
[PlyCount "126"]
[EventDate "2007.??.??"]
[EventType "rapid"]
[EventRounds "11"]
[EventCountry "GER"]
[Source "Mike Rosa"]
[SourceDate "2009.01.01"]

1. e4 e6 2. d4 d5 3. e5 c5 4. c3 Nc6 5. Nf3 Qb6 6. a3 c4 7. Nbd2 Na5 8. Be2 Bd7
9. O-O Ne7 10. Rb1 Qc7 11. Re1 Nc8 12. Nf1 Nb6 13. Qd2 O-O-O 14. Bd1 Ba4 15.
Bxa4 Nxa4 16. Qf4 Nb3 17. Be3 h6 18. h4 g6 19. N1h2 h5 20. Ng5 Rd7 21. Qf6 Rg8
22. Nxe6 fxe6 23. Qxe6 Rgg7 24. Bg5 Be7 25. Bh6 Rh7 26. Qg8+ Bd8 27. e6 Rdg7
28. Bxg7 Rxg7 29. Qe8 Qc6 30. Qf8 Re7 31. Nf3 Rxe6 32. Rxe6 Qxe6 33. Re1 Qf6
34. Qe8 Nxb2 35. Re5 Nd1 36. Rxd5 Qe7 37. Qxg6 Nxc3 38. Qf5+ Kc7 39. Re5 Qxa3
40. Qf7+ Kb8 41. Qxc4 Na5 42. Qg8 Nc6 43. Re8 Qc1+ 44. Kh2 Qf4+ 45. g3 Qxf3 46.
Rxd8+ Kc7 47. Rf8 Qd5 48. Rf7+ Kb6 49. Qg7 Nxd4 50. Rxb7+ Kc5 51. Qe7+ Qd6 52.
Rc7+ Nc6 53. Qe3+ Kc4 54. Qxa7 Nb5 55. Qb6 Qxc7 56. Qe3 Qe5 57. Qc1+ Nc3 58.
Qf1+ Kc5 59. Qa6 Qf5 60. Qa3+ Kd4 61. Qb2 Kd3 62. Kg1 Nd4 63. Qa1 Nce2+ 0-1

[Event "CCM7 - 14. ORDIX Open"]
[Site "Mainz"]
[Date "2007.??.??"]
[Round "3"]
[White "Shirov, Alexei"]
[Black "Troyke, Christian"]
[Result "1-0"]
[WhiteElo "2735"]
[BlackElo "2386"]
[PlyCount "63"]
[EventDate "2007.??.??"]
[EventType "rapid"]
[EventRounds "11"]
[EventCountry "GER"]
[Source "Mike Rosa"]
[SourceDate "2009.01.01"]

1. e4 c5 2. Nf3 g6 3. d4 cxd4 4. Nxd4 Bg7 5. Nc3 Nc6 6. Be3 Nf6 7. Bc4 Qa5 8.
O-O O-O 9. Nb3 Qc7 10. f4 d6 11. Be2 b6 12. Bf3 Ba6 13. Re1 Rac8 14. Bf2 Rfd8
15. Bh4 e6 16. a4 Rd7 17. Nb5 Bxb5 18. axb5 Ne7 19. c3 d5 20. e5 Ne4 21. Bxe7
Rxe7 22. Bxe4 dxe4 23. Rxe4 g5 24. fxg5 Bxe5 25. Qh5 f5 26. gxf6 Bxf6 27. Rf1
Rf8 28. Qg4+ Bg7 29. Rxf8+ Kxf8 30. Rxe6 Rd7 31. Qf3+ Rf7 32. Qa8+ 1-0

[Event "CCM7 - 14. ORDIX Open"]
[Site "Mainz"]
[Date "2007.??.??"]
[Round "4"]
[White "Akopian, Vladimir"]
[Black "Seel, Christian"]
[Result "1-0"]
[WhiteElo "2708"]
[BlackElo "2495"]
[PlyCount "107"]
[EventDate "2007.??.??"]
[EventType "rapid"]
[EventRounds "11"]
[EventCountry "GER"]
[Source "Mike Rosa"]
[SourceDate "2009.01.01"]

1. e4 e5 2. Nf3 d6 3. d4 exd4 4. Nxd4 Nf6 5. f3 d5 6. e5 Nh5 7. Be3 c5 8. Ne2
d4 9. Bf2 Nc6 10. f4 Bf5 11. Ng3 Nxg3 12. hxg3 Qb6 13. Qc1 Nb4 14. Na3 O-O-O
15. Bc4 d3 16. cxd3 Nxd3+ 17. Bxd3 Qb4+ 18. Qd2 Qxd2+ 19. Kxd2 Rxd3+ 20. Ke2
Rd5 21. Rhc1 b5 22. Nc2 Rd7 23. a4 Kb7 24. axb5 Bd3+ 25. Ke1 Bxb5 26. Na3 a6
27. Nxb5 axb5 28. Bxc5 Bxc5 29. Rxc5 Kb6 30. Rc2 Rd3 31. Ra3 Rhd8 32. Ke2 Rxa3
33. bxa3 Ra8 34. Rc3 h5 35. Kf3 Ra4 36. f5 Ra7 37. Kf4 Ra4+ 38. Kf3 Ra7 39. e6
fxe6 40. fxe6 Re7 41. Re3 Kc7 42. Kf4 Kd8 43. Ke5 Ra7 44. Rc3 Ra5 45. Kd6 Ra6+
46. Rc6 Ra8 47. e7+ Ke8 48. Ke6 Rb8 49. Ra6 g5 50. Rd6 h4 51. g4 Rc8 52. Kf6
Ra8 53. Rd8+ Rxd8 54. exd8=Q+ 1-0

[Event "CCM7 - 14. ORDIX Open"]
[Site "Mainz"]
[Date "2007.??.??"]
[Round "4"]
[White "Grischuk, Alexander"]
[Black "Appel, Ralf"]
[Result "1-0"]
[WhiteElo "2726"]
[BlackElo "2512"]
[PlyCount "97"]
[EventDate "2007.??.??"]
[EventType "rapid"]
[EventRounds "11"]
[EventCountry "GER"]
[Source "Mike Rosa"]
[SourceDate "2009.01.01"]

1. Nf3 Nf6 2. c4 c6 3. Nc3 d5 4. d4 g6 5. cxd5 cxd5 6. Bf4 Bg7 7. e3 O-O 8. Bd3
Nc6 9. h3 Qb6 10. a3 Na5 11. b4 Nc4 12. Qb3 Be6 13. O-O Rfc8 14. Na4 Qc6 15. b5
Qe8 16. Nc5 Bf5 17. Bxf5 gxf5 18. Nxb7 Ne4 19. Qb4 Bf8 20. Nc5 e5 21. Bh2 f4
22. Qe1 Nxc5 23. dxc5 Bxc5 24. exf4 e4 25. Ne5 Nxe5 26. fxe5 Qxb5 27. Kh1 Rc6
28. Qd2 d4 29. Qf4 Qd3 30. Rad1 Qc4 31. Qxe4 Bb6 32. Bf4 Rac8 33. Rd3 Qa2 34.
Bd2 Rg6 35. f4 Qc4 36. f5 Rg7 37. Bh6 Qc6 38. Qxc6 Rxc6 39. Bxg7 Kxg7 40. Re1
Kf8 41. Re2 Ke7 42. g4 h5 43. Kg2 hxg4 44. hxg4 Rc1 45. g5 Bc5 46. e6 fxe6 47.
Rxe6+ Kf7 48. Rc6 Bxa3 49. Rf6+ 1-0

[Event "CCM7 - 14. ORDIX Open"]
[Site "Mainz"]
[Date "2007.??.??"]
[Round "4"]
[White "Hausrath, Daniel"]
[Black "Volokitin, Andrei"]
[Result "0-1"]
[WhiteElo "2494"]
[BlackElo "2698"]
[PlyCount "102"]
[EventDate "2007.??.??"]
[EventType "rapid"]
[EventRounds "11"]
[EventCountry "GER"]
[Source "Mike Rosa"]
[SourceDate "2009.01.01"]

1. Nf3 c5 2. c4 Nc6 3. Nc3 e5 4. g3 g6 5. Bg2 Bg7 6. O-O d6 7. d3 Nge7 8. Ne1
Be6 9. Nd5 O-O 10. Nc2 Rb8 11. a3 b5 12. b4 a5 13. bxc5 dxc5 14. Nxe7+ Nxe7 15.
cxb5 Rxb5 16. a4 Rb8 17. Ba3 Bb3 18. Qc1 Nf5 19. Bxc5 Rc8 20. Ne3 Nd4 21. Qa3
Nxe2+ 22. Kh1 Re8 23. Qxb3 Rxc5 24. Bd5 Qc7 25. Rae1 Nd4 26. Qb7 Qxb7 27. Bxb7
Rc3 28. Nc4 Nb3 29. Rb1 Rxd3 30. Be4 Rc3 31. Bd5 Rd8 32. Rfd1 Nc5 33. Nxa5 Nd3
34. Nc6 Nxf2+ 35. Kg2 Nxd1 36. Bxf7+ Kf8 37. Nxd8 Ne3+ 38. Kf3 Nf5+ 39. Kf2 Ke7
40. Rb8 Rd3 41. Nc6+ Kxf7 42. Rb7+ Kf6 43. a5 Rd2+ 44. Ke1 Rd6 45. Rb6 Ne7 46.
Nb4 Ke6 47. Rb7 Bh6 48. a6 Bd2+ 49. Ke2 Bxb4 50. a7 Rd2+ 51. Ke3 Ra2 0-1

[Event "CCM7 - 14. ORDIX Open"]
[Site "Mainz"]
[Date "2007.??.??"]
[Round "4"]
[White "Lalic, Bogdan"]
[Black "Shirov, Alexei"]
[Result "1/2-1/2"]
[WhiteElo "2509"]
[BlackElo "2735"]
[PlyCount "53"]
[EventDate "2007.??.??"]
[EventType "rapid"]
[EventRounds "11"]
[EventCountry "GER"]
[Source "Mike Rosa"]
[SourceDate "2009.01.01"]

1. d4 Nf6 2. c4 e6 3. Nc3 Bb4 4. Nf3 c5 5. g3 Ne4 6. Qd3 cxd4 7. Nxd4 Bxc3+ 8.
bxc3 Nc5 9. Qe3 O-O 10. Bg2 Nba6 11. O-O Rb8 12. Nb5 b6 13. Nxa7 Bb7 14. Bxb7
Rxb7 15. Nb5 d5 16. cxd5 Qxd5 17. c4 Qh5 18. Rd1 Rd7 19. Rxd7 Nxd7 20. Ba3 Nac5
21. Rd1 Ne5 22. f3 Nxc4 23. Qc3 Nxa3 24. Nxa3 Na4 25. Qb4 Qc5+ 26. Qxc5 bxc5
27. Rc1 1/2-1/2

[Event "CCM7 - 14. ORDIX Open"]
[Site "Mainz"]
[Date "2007.??.??"]
[Round "4"]
[White "Leon Hoyos, Manuel"]
[Black "Landa, Konstantin"]
[Result "0-1"]
[WhiteElo "2484"]
[BlackElo "2669"]
[PlyCount "128"]
[EventDate "2007.??.??"]
[EventType "rapid"]
[EventRounds "11"]
[EventCountry "GER"]
[Source "Mike Rosa"]
[SourceDate "2009.01.01"]

1. e4 c5 2. Nf3 e6 3. d4 cxd4 4. Nxd4 a6 5. Bd3 Bc5 6. Nb3 Ba7 7. Qe2 d6 8. Be3
Ne7 9. O-O O-O 10. f4 Nd7 11. N1d2 e5 12. f5 d5 13. Bxa7 Rxa7 14. Nf3 Re8 15.
Rad1 Qc7 16. Ng5 h6 17. Nxf7 Kxf7 18. exd5 Qb6+ 19. Kh1 Nf6 20. d6 Nc6 21. c4
e4 22. c5 Qd8 23. Bc4+ Kf8 24. Bd5 Bd7 25. Bxc6 Bxc6 26. Nd4 Qd7 27. Qe3 Kg8
28. b4 Raa8 29. h3 Re5 30. Ne6 Re8 31. Nc7 Rxf5 32. Rxf5 Qxf5 33. Nxe8 Bxe8 34.
Qb3+ Bf7 35. Qe3 Be8 36. Kg1 Bc6 37. Rf1 Qe5 38. a3 Bb5 39. Rd1 Qb2 40. Rd2
Qa1+ 41. Kh2 h5 42. Rf2 Qe5+ 43. Kg1 Nd5 44. Qb3 e3 45. Re2 Kh8 46. Re1 Bc6 47.
a4 Qg3 48. Re2 Nf4 49. Qxe3 Nxe2+ 50. Qxe2 Qg5 51. Qd1 Qe3+ 52. Kh2 Qe8 53. Qd2
Bxa4 54. Qg5 Bc6 55. Qf4 Kh7 56. Qg5 Qg6 57. Qd2 Qf5 58. Qe3 h4 59. Qd4 g5 60.
Qd1 Kg6 61. Qe2 Qd5 62. Qc2+ Kf6 63. Qf2+ Qf5 64. Qb2+ Qe5+ 0-1

[Event "CCM7 - 14. ORDIX Open"]
[Site "Mainz"]
[Date "2007.??.??"]
[Round "4"]
[White "Mamedyarov, Shakhriyar"]
[Black "Ginsburg, Gennadij"]
[Result "1-0"]
[WhiteElo "2755"]
[BlackElo "2514"]
[PlyCount "42"]
[EventDate "2007.??.??"]
[EventType "rapid"]
[EventRounds "11"]
[EventCountry "GER"]
[Source "Mike Rosa"]
[SourceDate "2009.01.01"]

1. d4 d5 2. c4 e6 3. Nc3 c5 4. cxd5 exd5 5. e4 dxe4 6. Bc4 cxd4 7. Qb3 Qd7 8.
Nxe4 Nc6 9. Bd2 a5 10. a4 Bb4 11. Bxb4 axb4 12. Bxf7+ Kf8 13. Bxg8 Rxg8 14. Ne2
Qe6 15. Qd3 b6 16. Rc1 Ba6 17. Qf3+ Ke8 18. Rxc6 Qxc6 19. Nf6+ Qxf6 20. Qxa8+
Kf7 21. Qxa6 Rh8 1-0

[Event "CCM7 - 14. ORDIX Open"]
[Site "Mainz"]
[Date "2007.??.??"]
[Round "4"]
[White "Medvegy, Zoltan"]
[Black "Ivanchuk, Vassily"]
[Result "0-1"]
[WhiteElo "2512"]
[BlackElo "2766"]
[PlyCount "132"]
[EventDate "2007.??.??"]
[EventType "rapid"]
[EventRounds "11"]
[EventCountry "GER"]
[Source "Mike Rosa"]
[SourceDate "2009.01.01"]

1. d4 Nf6 2. c4 e6 3. g3 c5 4. d5 exd5 5. cxd5 d6 6. Nc3 g6 7. Bg2 Bg7 8. Nf3
O-O 9. O-O Re8 10. Nd2 a6 11. a4 Nbd7 12. h3 Rb8 13. Nc4 Nb6 14. Na3 Bd7 15. e4
Qc7 16. f4 Nxa4 17. Nxa4 Nxe4 18. Rf3 b5 19. Nc3 Nf6 20. Nc2 b4 21. Nb1 Bb5 22.
Re3 Rxe3 23. Bxe3 Nd7 24. Qc1 Re8 25. Bf2 Re2 26. Bf1 Rxf2 27. Kxf2 c4 28. Ne3
Nc5 29. Nd2 c3 30. bxc3 bxc3 31. Nf3 Nb3 32. Qb1 Nxa1 33. Qxa1 c2 34. Qc1 Ba4
35. Nxc2 Bxc2 36. Bxa6 Qb6+ 37. Kg2 Be4 38. Qc8+ Bf8 39. Qc4 Qe3 40. Qe2 Qxe2+
41. Bxe2 Bxd5 42. Kf2 Bg7 43. Ke3 Kf8 44. Nd4 Ke7 45. Bb5 Kd8 46. h4 Kc7 47.
Kd3 Kb6 48. Be8 Kc5 49. Nc2 Bc4+ 50. Kd2 Be6 51. Kd3 d5 52. Ne3 d4 53. Nc2 Bf6
54. Ne1 Bd8 55. Nf3 Bc4+ 56. Kc2 d3+ 57. Kd2 f6 58. Ke3 Kb4 59. Kd2 Ba5 60. h5
gxh5 61. Bxh5 Kb3+ 62. Ke3 Kc3 63. g4 Bd5 64. f5 Bb6+ 65. Kf4 Bc7+ 66. Ke3 Bxf3
0-1

[Event "CCM7 - 14. ORDIX Open"]
[Site "Mainz"]
[Date "2007.??.??"]
[Round "4"]
[White "Sebag, Marie"]
[Black "Karjakin, Sergey"]
[Result "1/2-1/2"]
[WhiteElo "2491"]
[BlackElo "2678"]
[PlyCount "96"]
[EventDate "2007.??.??"]
[EventType "rapid"]
[EventRounds "11"]
[EventCountry "GER"]
[Source "Mike Rosa"]
[SourceDate "2009.01.01"]

1. e4 e5 2. Nf3 Nc6 3. Bb5 a6 4. Ba4 Nf6 5. O-O Be7 6. Re1 b5 7. Bb3 O-O 8. a4
b4 9. d3 d6 10. a5 Be6 11. Nbd2 h6 12. Nc4 Rb8 13. c3 bxc3 14. bxc3 Qc8 15. Ba3
Rd8 16. Ba4 Bxc4 17. Bxc6 Bb5 18. Bxb5 Rxb5 19. c4 Rxa5 20. Qd2 Ra4 21. Nxe5
dxe5 22. Bxe7 Nxe4 23. Qe3 Rxa1 24. Rxa1 Re8 25. Qxe4 Rxe7 26. f4 Qe8 27. Re1
a5 28. fxe5 c5 29. Qd5 Qc8 30. Ra1 Rd7 31. Qe4 Rd4 32. Qe3 Qf5 33. Ra3 a4 34.
h3 Qd7 35. Qf3 Qe8 36. Qf5 Rd8 37. e6 fxe6 38. Qxc5 Rb8 39. d4 Rb2 40. Qe5 Rb3
41. Rxb3 axb3 42. d5 Kf7 43. Qc7+ Qe7 44. dxe6+ Kxe6 45. Qb6+ Ke5 46. Qxb3 Kd4
47. Qb5 Qe3+ 48. Kh2 Qf4+ 1/2-1/2

[Event "CCM7 - 14. ORDIX Open"]
[Site "Mainz"]
[Date "2007.??.??"]
[Round "5"]
[White "Harikrishna, Pentala"]
[Black "Iljin, Artem"]
[Result "1/2-1/2"]
[WhiteElo "2664"]
[BlackElo "2569"]
[PlyCount "107"]
[EventDate "2007.??.??"]
[EventType "rapid"]
[EventRounds "11"]
[EventCountry "GER"]
[Source "Mike Rosa"]
[SourceDate "2009.01.01"]

1. d4 Nf6 2. Nf3 e6 3. Bg5 h6 4. Bh4 d6 5. e3 Nbd7 6. c4 g5 7. Bg3 Nh5 8. Nc3
Bg7 9. Bd3 Qe7 10. Nd2 Ndf6 11. Be2 Nxg3 12. hxg3 c5 13. dxc5 dxc5 14. Bf3 O-O
15. Qe2 Rb8 16. O-O b6 17. Rad1 Rd8 18. e4 Nd7 19. Bh5 Nf6 20. f4 Nxh5 21. Qxh5
gxf4 22. gxf4 Bb7 23. Nf3 Qf6 24. Ne5 Rxd1 25. Qxd1 Rd8 26. Qe1 Rd4 27. Rf3 h5
28. b3 Qh6 29. Nd3 f5 30. Nf2 fxe4 31. Nfxe4 Qg6 32. f5 exf5 33. Rg3 Qe6 34.
Rxg7+ Kxg7 35. Qg3+ Kf8 36. Ng5 Qe7 37. Nh7+ Qxh7 38. Qb8+ Kg7 39. Qxb7+ Kh6
40. Qc8 Qg7 41. Qe6+ Qg6 42. Qe5 f4 43. Qh8+ Kg5 44. Qe5+ Kh6 45. Qh8+ Kg5 46.
Qe5+ Kh4 47. Ne2 Rd1+ 48. Kh2 Qg4 49. Qe7+ Qg5 50. Qe4 Qg4 51. Qe7+ Qg5 52. Qe4
Qg4 53. Qe7+ Qg5 54. Qe4 1/2-1/2

[Event "CCM7 - 14. ORDIX Open"]
[Site "Mainz"]
[Date "2007.??.??"]
[Round "5"]
[White "Horvath, Adam"]
[Black "Navara, David"]
[Result "0-1"]
[WhiteElo "2491"]
[BlackElo "2656"]
[PlyCount "68"]
[EventDate "2007.??.??"]
[EventType "rapid"]
[EventRounds "11"]
[EventCountry "GER"]
[Source "Mike Rosa"]
[SourceDate "2009.01.01"]

1. e4 e5 2. Nf3 Nc6 3. Bb5 a6 4. Ba4 Nf6 5. O-O Be7 6. Re1 b5 7. Bb3 O-O 8. d4
d6 9. c3 Bg4 10. d5 Na5 11. Bc2 Qc8 12. h3 Bd7 13. Nbd2 c6 14. dxc6 Qxc6 15.
Nf1 Be6 16. Ng3 Rfd8 17. a4 Nc4 18. Qe2 h6 19. Nh4 d5 20. Nhf5 Bf8 21. Qf3 Bxf5
22. Nxf5 dxe4 23. Rxe4 Rac8 24. axb5 axb5 25. Bxh6 Nd2 26. Qg3 Nfxe4 27. Ne7+
Kh8 28. Nxc6 Nxg3 29. Nxd8 Ne2+ 30. Kh2 Rxd8 31. Bxd2 Rxd2 32. Ra8 Rxc2 33.
Rxf8+ Kh7 34. Rxf7 Rxb2 0-1

[Event "CCM7 - 14. ORDIX Open"]
[Site "Mainz"]
[Date "2007.??.??"]
[Round "5"]
[White "Landa, Konstantin"]
[Black "Lysyj, Igor"]
[Result "1/2-1/2"]
[WhiteElo "2669"]
[BlackElo "2578"]
[PlyCount "62"]
[EventDate "2007.??.??"]
[EventType "rapid"]
[EventRounds "11"]
[EventCountry "GER"]
[Source "Mike Rosa"]
[SourceDate "2009.01.01"]

1. Nf3 Nf6 2. c4 e6 3. d4 b6 4. g3 Bb7 5. Bg2 Bb4+ 6. Bd2 a5 7. O-O O-O 8. Bxb4
axb4 9. Qb3 c5 10. Nbd2 Nc6 11. e3 d6 12. a3 Qc7 13. Rfd1 bxa3 14. Rxa3 Rxa3
15. Qxa3 Ra8 16. Qb3 Nb4 17. Nb1 Be4 18. Ne1 Bxg2 19. Nxg2 Ra1 20. Nc3 Rxd1+
21. Qxd1 cxd4 22. Qxd4 Nc6 23. Qd1 Ne5 24. b3 Qc6 25. Ne1 h6 26. Qd4 Ned7 27.
Nc2 Ne5 28. Ne1 Ned7 29. Nc2 Ne5 30. Ne1 Ned7 31. Nc2 Ne5 1/2-1/2

[Event "CCM7 - 14. ORDIX Open"]
[Site "Mainz"]
[Date "2007.??.??"]
[Round "5"]
[White "Volokitin, Andrei"]
[Black "Khenkin, Igor"]
[Result "0-1"]
[WhiteElo "2698"]
[BlackElo "2602"]
[PlyCount "52"]
[EventDate "2007.??.??"]
[EventType "rapid"]
[EventRounds "11"]
[EventCountry "GER"]
[Source "Mike Rosa"]
[SourceDate "2009.01.01"]

1. d4 d5 2. c4 dxc4 3. Nf3 a6 4. e3 b5 5. a4 Bb7 6. axb5 axb5 7. Rxa8 Bxa8 8.
b3 e6 9. bxc4 bxc4 10. Ne5 Nd7 11. Qa4 Ngf6 12. Nc6 Nb6 13. Qb5 Qd7 14. Na7 Ne4
15. Na3 Qxb5 16. N7xb5 Bb4+ 17. Ke2 c6 18. Nc7+ Kd7 19. Na6 Be7 20. Ke1 Bb7 21.
Nxc4 Nxc4 22. Bxc4 Ra8 23. f3 Bxa6 24. Bxa6 Bb4+ 25. Kf1 Rxa6 26. fxe4 Ra2 0-1

[Event "CCM7 - 14. ORDIX Open"]
[Site "Mainz"]
[Date "2007.??.??"]
[Round "6"]
[White "Almasi, Zoltan"]
[Black "Al Modiahki, Mohamad"]
[Result "1-0"]
[WhiteElo "2682"]
[BlackElo "2563"]
[PlyCount "55"]
[EventDate "2007.??.??"]
[EventType "rapid"]
[EventRounds "11"]
[EventCountry "GER"]
[Source "Mike Rosa"]
[SourceDate "2009.01.01"]

1. e4 c5 2. Nf3 d6 3. d4 cxd4 4. Nxd4 Nf6 5. Nc3 a6 6. f3 Qb6 7. g4 Nc6 8. Nb3
e6 9. g5 Nd7 10. Qe2 Qc7 11. Be3 b5 12. f4 Bb7 13. Bg2 b4 14. Na4 Na5 15. Nb6
Nxb6 16. Nxa5 Bc8 17. O-O-O Na4 18. Qc4 Nc5 19. Bxc5 Qxc5 20. Qxc5 dxc5 21. e5
Ra7 22. Bc6+ Ke7 23. Ba4 Rc7 24. Nc6+ Rxc6 25. Bxc6 f6 26. Rd2 fxe5 27. Rhd1 g6
28. Rd7+ 1-0

[Event "CCM7 - 14. ORDIX Open"]
[Site "Mainz"]
[Date "2007.??.??"]
[Round "6"]
[White "Balogh, Csaba"]
[Black "Landa, Konstantin"]
[Result "1/2-1/2"]
[WhiteElo "2567"]
[BlackElo "2669"]
[PlyCount "77"]
[EventDate "2007.??.??"]
[EventType "rapid"]
[EventRounds "11"]
[EventCountry "GER"]
[Source "Mike Rosa"]
[SourceDate "2009.01.01"]

1. e4 c5 2. Nf3 Nf6 3. Nc3 d5 4. exd5 Nxd5 5. Bb5+ Bd7 6. a4 Nb4 7. O-O N8c6 8.
Ne4 e6 9. c3 Nd5 10. d4 cxd4 11. Nxd4 Be7 12. Qg4 g6 13. Bxc6 bxc6 14. Qg3 Qb8
15. Qf3 f5 16. Ng5 e5 17. c4 e4 18. Qd1 Nf4 19. Bxf4 Qxf4 20. Nde6 Bxe6 21.
Nxe6 Qe5 22. Nd4 Rc8 23. f4 Qf6 24. Ne2 O-O 25. Nc3 Rfd8 26. Qe2 Rd3 27. Rad1
Rcd8 28. Rxd3 exd3 29. Qe3 Bb4 30. Rd1 Bxc3 31. bxc3 Qxc3 32. Qe6+ Kh8 33. Qe7
Qd4+ 34. Kh1 d2 35. h3 a5 36. Rxd2 Qxd2 37. Qf6+ Kg8 38. Qe6+ Kf8 39. Qf6+
1/2-1/2